00562nam a22001812 4500001001100000005001700011008004100028020001700069040001500086100003200101245008600133250001300219260005100232300001700283650003400300650004300334852000300377000001905620151217145910.0100903s xx 000 0 eng d a0335234518 : aKABUcKABU1 aJohnston, Bill.@000017863614aThe First year at university :bteaching students in transition /cBill Johnston. a1st ed. aMaidenhead, England :bOpen University,c2010. axii, 143 p. 0aCollege learning.@0000178637 0aStudent-centered learning.@00001786381